zpět

Detail výsledku týmu

Hostinec Rynárec, Rynárec

Datum a čas kvízu

29 Celkem bodů Celkový počet nahraných bodů na tomto kvízu bez doplňovacích otázek.
5. Pořadí na kvízu Konečné umístění týmu na tomto kvízu.

Zaznamenané odpovědi

# Otázka Odpověď Body Výsledky
1. Od pondělí do čtvrtka brázdila... Formule 1 1
2. Společnost Air Baltic spustila... Kunda 1
3. V pondělí vyvrcholil 30. roční... v Maďarsku 1
4. V pondělí prohlásila polská sp... CZC.cz 1
5. Který český fotbalista přestou... Adam Hložek 1
6. Na konci kterého amerického fi... Hudbu složil, slova napsal (Music and Lyrics) 0
7. Francouzská hudební komedie s... Piti Piti Pa 1
8. V hudební animované pohádce Tr... Justin Timberlake 0
9. Horečka sobotní noci se pojí s... Bee Gees 0
10. Jak se jmenuje československý... Kdyby tisíc klarinetů 1